[Event "27th ECC"]
[Site "Rogaska Slatina SLO"]
[Date "2011.09.26"]
[Round "2.28"]
[White "Palliser, Richard J D"]
[Black "Klima, Lukas"]
[Result "1/2-1/2"]
[WhiteTitle "IM"]
[BlackTitle "IM"]
[WhiteElo "2444"]
[BlackElo "2370"]
[WhiteTeam "White Rose"]
[BlackTeam "Slavoj Ostrava Poruba"]
[WhiteFideId "407372"]
[BlackFideId "307548"]
[EventDate "2011.09.25"]

1. Nf3 Nf6 2. c4 g6 3. Nc3 Bg7 4. e4 d6 5. d4 O-O 6. Be2 e5 7. O-O Nc6 8. d5 Ne7
9. Ne1 Nd7 10. Be3 f5 11. f3 f4 12. Bf2 g5 13. Rc1 Rf6 14. Nd3 Rh6 15. c5 Qe8
16. Kh1 a6 17. cxd6 cxd6 18. g4 fxg3 19. Bxg3 Ng6 20. Qd2 Nf4 21. Nd1 Nf6 22.
Ne3 N6h5 23. Rg1 Nxg3+ 24. Rxg3 Qh5 25. Bf1 Qf7 26. Rxg5 Nxd3 27. Bxd3 Qxf3+ 28.
Qg2 Qxg2+ 29. Rxg2 Bh3 30. Rg3 Rc8 31. Rxc8+ Bxc8 32. Be2 Rg6 33. Bg4 Bh6 34.
Bxc8 Rxg3 35. hxg3 Bxe3 36. Bxb7 a5 37. Kg2 Bc1 38. b3 Kf7 39. Kf3 Ke7 40. Bc8
Kd8 41. Bf5 h6 42. Kg4 1/2-1/2

[Event "27th ECC"]
[Site "Rogaska Slatina SLO"]
[Date "2011.09.27"]
[Round "3.5"]
[White "Huzman, Alexander"]
[Black "Adams, Michael"]
[Result "0-1"]
[WhiteTitle "GM"]
[BlackTitle "GM"]
[WhiteElo "2607"]
[BlackElo "2733"]
[WhiteTeam "Beer Sheba"]
[BlackTeam "OSG Baden Baden"]
[WhiteFideId "2803828"]
[BlackFideId "400041"]
[EventDate "2011.09.25"]

1. d4 Nf6 2. c4 e6 3. Nf3 Bb4+ 4. Nbd2 O-O 5. a3 Be7 6. e4 d5 7. e5 Nfd7 8. b4
a5 9. b5 c5 10. Bb2 cxd4 11. Bxd4 Nc5 12. Qc2 Nbd7 13. Be2 b6 14. a4 Bb7 15. O-O
Rc8 16. Rac1 h6 17. Qa2 Ne4 18. cxd5 Bxd5 19. Rxc8 Qxc8 20. Bc4 Nxd2 21. Nxd2
Bc5 22. Bxc5 Qxc5 23. Bxd5 exd5 24. Nf3 Re8 25. Rd1 Nxe5 26. Qxd5 Qc2 27. Qd4
Nxf3+ 28. gxf3 Re6 29. Kh1 Qe2 30. h3 Qxf3+ 31. Kh2 Re4 32. Qxb6 Qxd1 0-1

[Event "27th ECC"]
[Site "Rogaska Slatina SLO"]
[Date "2011.09.27"]
[Round "3.18"]
[White "Winants, Luc"]
[Black "Palliser, Richard J D"]
[Result "1/2-1/2"]
[WhiteTitle "GM"]
[BlackTitle "IM"]
[WhiteElo "2540"]
[BlackElo "2444"]
[WhiteTeam "Ans"]
[BlackTeam "White Rose"]
[WhiteFideId "200018"]
[BlackFideId "407372"]
[EventDate "2011.09.25"]

1. d4 Nf6 2. Nf3 e6 3. Nc3 Bb4 4. a3 Bxc3+ 5. bxc3 b6 6. e3 Bb7 7. Bd3 Ne4 8. c4
Nc3 9. Qd2 Ne4 10. Bxe4 Bxe4 11. Bb2 d6 12. d5 e5 13. h4 h6 14. h5 Nd7 15. Nh4
Nc5 16. f3 Bh7 17. e4 Qd7 18. g4 Qa4 19. Qc3 c6 20. O-O-O Rc8 21. Qb4 cxd5 22.
Qxa4+ Nxa4 23. cxd5 b5 24. Ng2 Ke7 25. Ne3 Nb6 26. Rd3 Nc4 27. Re1 Rc7 28. Nxc4
Rxc4 29. Rc3 Rhc8 30. Rxc4 Rxc4 31. Kd2 Kf6 32. Bc1 Kg5 33. Rh1 Kf6 34. Rg1 Ke7
35. Kd3 f6 36. Be3 Ra4 37. Ra1 Bg8 38. Bc1 Bf7 39. Rb1 Be8 40. Rb3 Bd7 41. Be3
Kd8 42. Rc3 Bc8 43. Kd2 Bd7 44. Kc1 Be8 45. Rd3 Bd7 46. Bd2 a5 47. Rb3 Kc7 48.
Kb2 Kb7 49. Be3 Rc4 50. Rc3 Rxc3 51. Kxc3 Kc7 52. Kd3 Kb7 53. Bc1 Kb6 54. Kc3
Bc8 55. Kd3 1/2-1/2

[Event "27th ECC"]
[Site "Rogaska Slatina SLO"]
[Date "2011.09.28"]
[Round "4.16"]
[White "Berelowitsch, Alexander"]
[Black "Palliser, Richard J D"]
[Result "1-0"]
[WhiteTitle "GM"]
[BlackTitle "IM"]
[WhiteElo "2563"]
[BlackElo "2444"]
[WhiteTeam "KSK Rochade Eupen-Kelmis"]
[BlackTeam "White Rose"]
[WhiteFideId "14101440"]
[BlackFideId "407372"]
[EventDate "2011.09.25"]

1. e4 c5 2. Nf3 d6 3. d4 cxd4 4. Nxd4 Nf6 5. Nc3 a6 6. Bg5 Nbd7 7. f4 Qc7 8. Qf3
h6 9. Bh4 g5 10. fxg5 hxg5 11. Bxg5 Qc5 12. Be3 Ne5 13. Qe2 Neg4 14. Bg1 Bh6 15.
a3 Qa5 16. Nb3 Qg5 17. Nd2 Be6 18. O-O-O Rc8 19. Kb1 Rxc3 20. bxc3 Qa5 21. Nc4
Qa4 22. Rd4 O-O 23. Nb2 Qxa3 24. Ra4 Qxc3 25. Bd4 Qc6 26. Qe1 Nxe4 27. Bd3 Nd2+
28. Ka1 b5 29. Ra3 b4 30. Ra5 Rb8 31. Qh4 Rb5 32. Bxb5 axb5 33. h3 Qxc2 34. Ra8+
Kh7 35. Rh8+ Kg6 36. Rg8+ 1-0

[Event "27th ECC"]
[Site "Rogaska Slatina SLO"]
[Date "2011.09.29"]
[Round "5.10"]
[White "Thorhallsson, Throstur"]
[Black "Goossens, Etienne"]
[Result "1-0"]
[WhiteTitle "GM"]
[BlackTitle "FM"]
[WhiteElo "2388"]
[BlackElo "2219"]
[WhiteTeam "Bolungarvik Chess Club"]
[BlackTeam "Ans"]
[WhiteFideId "2300109"]
[BlackFideId "201006"]
[EventDate "2011.09.25"]

1. e4 e6 2. d4 d5 3. Nc3 Bb4 4. Ne2 Nf6 5. e5 Ne4 6. a3 Nxc3 7. Nxc3 Bxc3+ 8.
bxc3 O-O 9. Bd3 f5 10. exf6 Qxf6 11. O-O Nc6 12. Qh5 g6 13. Qh6 e5 14. Bg5 Qg7
15. dxe5 Nxe5 16. Rfe1 Nxd3 17. cxd3 Bd7 18. Qh4 Rae8 19. d4 h5 20. Qg3 c6 21.
Qd6 Qf7 22. f3 Re6 23. Rxe6 Bxe6 24. Re1 Re8 25. Kf2 Qd7 26. Qf4 Qf7 27. Bf6 Rf8
28. Qd6 Bf5 29. Be7 Re8 30. Re5 Kh7 31. h3 b6 32. Ke3 c5 33. g4 cxd4+ 34. cxd4
hxg4 35. hxg4 Bc2 36. Bf6 Ba4 37. Kf4 Bd7 38. Kg5 Qf8 39. Qxf8 1-0

[Event "27th ECC"]
[Site "Rogaska Slatina SLO"]
[Date "2011.09.29"]
[Round "5.23"]
[White "Palliser, Richard J D"]
[Black "Bitalzadeh, Ali"]
[Result "1-0"]
[WhiteTitle "IM"]
[BlackTitle "IM"]
[WhiteElo "2444"]
[BlackElo "2409"]
[WhiteTeam "White Rose"]
[BlackTeam "Voerendaal"]
[WhiteFideId "407372"]
[BlackFideId "1010972"]
[EventDate "2011.09.25"]

1. d4 Nf6 2. Nf3 g6 3. c4 Bg7 4. Nc3 O-O 5. e4 d6 6. Be2 e5 7. d5 Na6 8. Nd2 c6
9. Rb1 cxd5 10. cxd5 Bd7 11. O-O Qc7 12. Nb3 Rab8 13. Be3 b5 14. Rc1 Qd8 15. Nd2
Qa5 16. a3 Rb7 17. Ncb1 Rc8 18. Rxc8+ Bxc8 19. b4 Qd8 20. Nc3 Bd7 21. Nb3 Qc8
22. Qd3 Qb8 23. Na5 Rc7 24. Nxb5 Bxb5 25. Qxb5 Qxb5 26. Bxb5 Nb8 27. f3 Nh5 28.
Rc1 Rxc1+ 29. Bxc1 f5 30. exf5 gxf5 31. Nc6 Nd7 32. Ne7+ Kf8 33. Bxd7 Kxe7 34.
Bxf5 Nf4 35. Be3 Nxd5 36. Bxa7 Nc3 37. Bxh7 Bh6 38. Bd3 Bc1 39. b5 Bxa3 40. Kf1
Nd5 41. g3 Kd7 42. h4 Kc7 43. h5 Bc1 44. Ke1 Nb6 45. Kf1 d5 46. Bxb6+ Kxb6 47.
Kg2 Kc5 48. Kh3 e4 49. fxe4 dxe4 50. Bf1 Kd6 51. Kg4 Ke6 52. b6 Kd6 53. Kf5 Kc6
54. g4 Kxb6 55. g5 Kc7 56. g6 Bh6 57. Kf6 1-0

[Event "27th ECC"]
[Site "Rogaska Slatina SLO"]
[Date "2011.09.29"]
[Round "5.26"]
[White "Dhame, Petraq"]
[Black "Jurcik, Martin"]
[Result "0-1"]
[BlackTitle "FM"]
[WhiteElo "1979"]
[BlackElo "2355"]
[WhiteTeam "Butrinti Saranda"]
[BlackTeam "TJ Slavia Caissa Cadca"]
[WhiteFideId "4700260"]
[BlackFideId "14907534"]
[EventDate "2011.09.25"]

1. d4 Nf6 2. Nf3 e6 3. Bg5 b6 4. e3 Bb7 5. Nbd2 h6 6. Bxf6 Qxf6 7. Bd3 g6 8. c3
Bg7 9. Qe2 O-O 10. e4 d6 11. e5 Qe7 12. exd6 cxd6 13. O-O Nd7 14. Rad1 Rfc8 15.
Ba6 Nf6 16. Rfe1 Rab8 17. Bxb7 Qxb7 18. c4 Qa6 19. b3 Rc7 20. a4 Qa5 21. Ne4
Nxe4 22. Qxe4 a6 23. Qf4 Rd8 24. d5 e5 25. Qd2 Qxd2 26. Nxd2 f5 27. a5 bxa5 28.
Ra1 Rc5 29. Ra2 e4 30. f3 e3 31. Nf1 f4 32. g3 g5 33. h4 Rb8 0-1

[Event "27th ECC"]
[Site "Rogaska Slatina SLO"]
[Date "2011.09.30"]
[Round "6.31"]
[White "Davies, Matthew"]
[Black "Guxho, Clirim"]
[Result "1-0"]
[WhiteElo "1973"]
[BlackElo "2044"]
[WhiteTeam "Nidum Chess Club"]
[BlackTeam "Veleciku"]
[WhiteFideId "1800256"]
[EventDate "2011.09.25"]

1. d4 d5 2. c4 dxc4 3. Nf3 c6 4. e3 b5 5. a4 Bb7 6. axb5 cxb5 7. b3 e6 8. bxc4
bxc4 9. Bxc4 Bb4+ 10. Bd2 Bxd2+ 11. Nbxd2 Nf6 12. Qa4+ Bc6 13. Bb5 Qd7 14. Ne5
Bxb5 15. Nxd7 Bxa4 16. Nxf6+ gxf6 17. Rxa4 Nc6 18. Ke2 Kd7 19. Rc1 Rhc8 20. Ne4
f5 21. Nc5+ Ke7 22. Rb1 Rab8 23. Rxb8 Rxb8 24. Ra2 Kd6 25. Kd3 f6 26. f3 a5 27.
Kd2 Rb3 28. Nxb3 1-0